All MAMAMOO Songs (until Illella) - Statistics

General Stats
  • This quiz has been taken 34 times
  • The average score is 41 of 105
Answer Stats
Answer % Correct
Egotistic
94%
Hip
94%
Illella
88%
Mr. Ambiguous
88%
Starry Night
88%
AYA
81%
Décalcomanie
81%
Gogobebe
81%
Piano Man
81%
Wind Flower
81%
Dingga
75%
Where Are We Now
75%
Destiny
69%
Destiny Part.2
69%
Taller Than You
63%
Travel
63%
Yes I Am
63%
ZzZz
63%
1, 2, 3 Eoi!
56%
Diamond
56%
I Miss You
56%
mumumumuch
56%
Um Oh Ah Yeh
56%
You’re the Best
56%
4x4ever
50%
Chuck
50%
Hello
50%
HELLO
50%
Hello Mama
50%
My Star
50%
Sleep in the Car
50%
AZE GAG
44%
Don’t Be Happy (with Bumkey)
44%
Gleam
44%
I Love Too
44%
Memory
44%
New York
44%
Peppermint Chocolate (with K.Will ft. Wheesung)
44%
Selfish
44%
Words Don’t Come Easy
44%
25
38%
A Memory for Life
38%
Angel
38%
Cat Fight
38%
Dab Dab
38%
Good Night
38%
L.I.E.C
38%
No More Drama
38%
Paint Me
38%
Recipe
38%
Waggy
38%
Wanna Be Myself
38%
AAH OOP! (with eSNa)
31%
Another Day
31%
Be Calm
31%
Happier than Ever
31%
Heeheehaheho
31%
High Tension
31%
I’m Your Fan
31%
Morning
31%
My Hometown
31%
Rainy Season
31%
Spring Fever
31%
Star Wind Flower Sun
31%
Where R U
31%
Emotion
25%
Everyday
25%
Friday Night
25%
Funky Boy
25%
Gentleman
25%
Girl Crush
25%
I Do Me – Hwasa
25%
Midnight Summer Dream
25%
Rude Boy
25%
Sky! Sky!
25%
Woo Hoo
25%
4season
19%
Baton Touch
19%
Better
19%
Better Than I Thought
19%
Finally
19%
Freakin Shoes
19%
From Winter to Spring
19%
Just
19%
Love & Hate
19%
Moderato
19%
No No No
19%
Reality
19%
Self Camera
19%
Sleep Talk
19%
Bad Bye
13%
DA RA DA
13%
Love Lane
13%
Strange Day
13%
Ten Nights
13%
Universe
13%
Nada Sousou
6%
Shampoo
6%
Sting
6%
You Don’t Know Me
6%
From Autumn to Winter
0%
Just Believe In Love
0%
No matching quizzes found
Score Distribution
Percent of People with Each Score
Percentile by Number Answered
Your Score History
You have not taken this quiz